000 01268nam a2200217Ia 4500
003 Ost
005 20260507075522.0
008 260507s9999||||xx |||||||||||||| ||und||
020 _a91861799579
040 _cfsecg
041 _aara
082 _a330
100 _aعبد اللاوي، محمد إبراهيم
_eمؤلف
245 0 _aالمؤسسات الصغيرة والمتوسطة في إطارها النظري والتطبيقي /
_c محمد إبراهيم عبد اللاوي
260 _aعمان:
_bدار الحامد للنشر والتوزيع,
_c2017
300 _a188 صفحة؛
_bإيضاحات ؛
_c24 سم
504 _aبيبليوغرافيا: ص.175-181
520 _aمكانة المؤسسات الصغيرة والمتوسطة في التنمية الاقتصادية،التجارب الدولية في تعريف المؤسسات الصغيرة والمتوسطة،خصائص وأهمية ودور المؤسسات الصغيرة والمتوسطة،العولمة والمؤسسات الصغيرة والمتوسطة :التحديات والفرص،التجارب الدولية الناجحة في تأطير المؤسسات الصغيرة والمتوسطة
653 _aالمؤسسات التجارية
942 _cكتاب
999 _c44781
_d44781